The Malays : a cultural history.

Bibliographic Details
Main Author: Winstedt, Richard, 1878-1966
Format: Book
Language:English
Published: London : Routledge & Paul, [1950]
Edition:[Rev. ed.].
Subjects:

MARC

Tag First Indicator Second Indicator Subfields
LEADER 00000cam a2200000 4500
001 in00000051193
005 20151007065914.0
008 770718s1950 enkf b 00000 eng
010 |a  50014932  
035 |a (OCoLC)03123581 
035 |9 AAE2939AM 
040 |a DLC  |c TJC  |d TXA  |d UtOrBLW 
049 |a TXAM  |c [198226] 
050 0 0 |a GN630.M3  |b W55 1950 
082 0 |a 572.8992 
092 |a 572.8992  |b W783m, 1950 
100 1 |a Winstedt, Richard,  |d 1878-1966. 
245 1 4 |a The Malays :  |b a cultural history. 
250 |a [Rev. ed.]. 
264 1 |a London :  |b Routledge & Paul,  |c [1950] 
300 |a vii, 198 pages :  |b plates. ;  |c 23 cm. 
336 |a text  |b txt  |2 rdacontent 
337 |a unmediated  |b n  |2 rdamedia 
338 |a volume  |b nc  |2 rdacarrier 
504 |a Bibliography: pages 191-195. 
650 0 |a Malays (Asian people) 
999 |a MARS 
999 f f |s edf483d9-d0d5-3d75-807e-27a574891262  |i 26ebbde1-77e6-3f9e-8626-a3bdd2ad442c  |t 0 
952 f f |p ric  |a Texas A&M University  |b Rellis Campus  |c Joint Library Facility  |d Remote Storage  |t 0  |e GN630.M3 W55 1950  |h Library of Congress classification  |i unmediated -- volume  |m A14800968239 
998 f f |a GN630.M3 W55 1950  |t 0  |l Remote Storage